[Event "Titled Tuesday intern op 06th Dec Early"]
[Site "Chess.com INT"]
[Date "2022.12.06"]
[Round "7"]
[White "Gabdrakhmanov, Azat"]
[Black "Maksimovic, Bojan"]
[Result "1-0"]
[WhiteElo "2319"]
[BlackElo "2486"]
[PlyCount "91"]
[EventDate "2022.12.06"]
[EventType "swiss (blitz)"]
[EventRounds "11"]
[EventCountry "USA"]
[SourceTitle "CBM 211 Extra"]
[Source "ChessBase"]
[SourceDate "2023.01.31"]
[SourceVersion "1"]
[SourceVersionDate "2023.01.31"]
[SourceQuality "1"]

1. e4 g6 2. d4 Bg7 3. Nc3 d6 4. f4 a6 5. Nf3 Nd7 6. Bd3 c5 7. Be3 cxd4 8. Bxd4 Bxd4 9. Nxd4 Ngf6 10. Qe2 e5 11. fxe5 dxe5 12. Nb3 b5 13. Nd5 Nxd5 14. exd5 Bb7 15. 0-0-0 0-0 16. d6 f5 17. Qf2 e4 18. Be2 Rc8 19. Kb1 Qb6 20. Qh4 Qd8 21. Qf2 Qb6 22. Qh4 Rf6 23. g4 f4 24. g5 Rf7 25. Bg4 Rcf8 26. Be6 Kg7 27. Bxf7 Rxf7 28. Nd4 Bd5 29. Ne2 f3 30. Rxd5 fxe2 31. Qe1 Qe3 32. a4 Nb6 33. Rd2 Rf1 34. Rxf1 exf1Q 35. Qxf1 Qxd2 36. Qf6+ Kg8 37. Qd8+ Kg7 38. Qxb6 Qd1+ 39. Ka2 Qd5+ 40. b3 Qd2 41. Qc7+ Kf8 42. d7 Ke7 43. d8Q+ Ke6 44. Qxd2 Kf5 45. Qcf4+ Ke6 46. Qdd6# 1-0

[Event "Titled Tuesday intern op 06th Dec Early"]
[Site "Chess.com INT"]
[Date "2022.12.06"]
[Round "6"]
[White "Kamsky, Gata"]
[Black "Gabdrakhmanov, Azat"]
[Result "0-1"]
[WhiteElo "2664"]
[BlackElo "2319"]
[PlyCount "108"]
[EventDate "2022.12.06"]
[EventType "swiss (blitz)"]
[EventRounds "11"]
[EventCountry "USA"]
[SourceTitle "CBM 211 Extra"]
[Source "ChessBase"]
[SourceDate "2023.01.31"]
[SourceVersion "1"]
[SourceVersionDate "2023.01.31"]
[SourceQuality "1"]

1. d4 Nf6 2. Bf4 g6 3. c3 Bg7 4. Nf3 0-0 5. Nbd2 d5 6. e3 b6 7. a4 c5 8. h3 Bf5 9. Be2 Nc6 10. 0-0 Ne4 11. Qb3 Nxd2 12. Nxd2 c4 13. Qa3 f6 14. b3 e5 15. Bg3 cxb3 16. Qxb3 Kh8 17. Ba6 Na5 18. Qb4 Qd7 19. Rfd1 Rfd8 20. Nf3 Nc6 21. Qb5 e4 22. Nd2 Na5 23. Qxd7 Bxd7 24. Rdc1 Bf8 25. Rc2 Bc8 26. Bb5 Bb7 27. Raa2 Rac8 28. Bf1 Bd6 29. c4 Bxg3 30. fxg3 dxc4 31. Bxc4 Nxc4 32. Rxc4 Rxc4 33. Nxc4 Bd5 34. Rc2 Rc8 35. Na3 Rxc2 36. Nxc2 Bb3 37. Nb4 Bxa4 38. Kf2 Bb3 39. d5 a5 40. d6 Be6 41. Nd5 a4 42. Ke2 a3 43. Nb4 Kg7 44. Kd2 Kf7 45. Kc3 Ke8 46. Nc2 a2 47. Kb2 Kd7 48. Nb4 Kxd6 49. Nxa2 Bxa2 50. Kxa2 Kc5 51. Kb3 b5 52. g4 g5 53. g3 b4 54. h4 h6 0-1

[Event "Titled Tuesday intern op 29th Nov Early"]
[Site "Chess.com INT"]
[Date "2022.11.29"]
[Round "2"]
[White "Abasov, Nijat Azad"]
[Black "Gabdrakhmanov, Azat"]
[Result "1-0"]
[WhiteElo "2646"]
[BlackElo "2319"]
[PlyCount "99"]
[EventDate "2022.11.29"]
[EventType "swiss (blitz)"]
[EventRounds "11"]
[EventCountry "USA"]
[SourceTitle "EXT 2024"]
[Source "ChessBase"]
[SourceDate "2023.10.10"]
[SourceVersion "1"]
[SourceVersionDate "2023.10.10"]
[SourceQuality "1"]

1. Nf3 c5 2. c4 e6 3. Nc3 b6 4. d4 cxd4 5. Nxd4 Bb7 6. e4 d6 7. Be2 Nf6 8. Qc2 Nbd7 9. 0-0 Be7 10. Rd1 0-0 11. Be3 a6 12. b4 Rc8 13. a3 Ne5 14. Qb3 Nxe4 15. Nxe4 Bxe4 16. c5 Bd5 17. Qb2 dxc5 18. bxc5 bxc5 19. Nxe6 fxe6 20. Qxe5 Bf6 21. Qh5 g6 22. Qh3 Bxa1 23. Rxa1 Qf6 24. Rc1 c4 25. Qg4 c3 26. Bxa6 Ra8 27. Bf1 Rfc8 28. h4 c2 29. Bd3 Rxa3 30. Rxc2 Rxc2 31. Bxc2 Ra2 32. Bd3 Qe5 33. Qb4 Ra1+ 34. Bf1 Qf6 35. Bh6 Ra8 36. f3 Qf7 37. Qc3 Qa7+ 38. Kh1 Qf7 39. Kh2 Qe7 40. Kg3 Qd7 41. Bf4 Rc8 42. Qd4 Qf7 43. Bd3 Rf8 44. Bd6 Re8 45. Be5 Rf8 46. Qe3 Re8 47. Qh6 Rd8 48. h5 Bxf3 49. hxg6 hxg6 50. Qh8# 1-0

[Event "Titled Tuesday intern op 29th Nov Early"]
[Site "Chess.com INT"]
[Date "2022.11.29"]
[Round "1"]
[White "Gabdrakhmanov, Azat"]
[Black "Fawzy, Adham"]
[Result "1-0"]
[WhiteElo "2319"]
[BlackElo "2483"]
[PlyCount "71"]
[EventDate "2022.11.29"]
[EventType "swiss (blitz)"]
[EventRounds "11"]
[EventCountry "USA"]
[SourceTitle "EXT 2024"]
[Source "ChessBase"]
[SourceDate "2023.10.10"]
[SourceVersion "1"]
[SourceVersionDate "2023.10.10"]
[SourceQuality "1"]

1. e4 c5 2. Nf3 d6 3. d4 cxd4 4. Nxd4 Nf6 5. Nc3 a6 6. Be3 e5 7. Nb3 Be7 8. f3 Be6 9. Qd2 h5 10. Nd5 Bxd5 11. exd5 Nbd7 12. c4 0-0 13. Bd3 a5 14. 0-0 a4 15. Nc1 b6 16. Ne2 Nc5 17. Bc2 Nh7 18. b4 axb3 19. axb3 Rxa1 20. Rxa1 f5 21. b4 Nd7 22. Nc3 Bf6 23. Bxf5 e4 24. Ra7 Ne5 25. Bxe4 Nxc4 26. Bxh7+ Kh8 27. Qd3 Nxe3 28. Qxe3 Kxh7 29. Ne4 Kh8 30. Nxf6 Qxf6 31. h3 Rc8 32. Kh2 h4 33. Qe4 Rc3 34. Qe8+ Kh7 35. Qh5+ Kg8 36. Ra8+ 1-0

[Event "Titled Tuesday intern op 22nd Nov Early"]
[Site "Chess.com INT"]
[Date "2022.11.22"]
[Round "7"]
[White "Gabdrakhmanov, Azat"]
[Black "Jimenez Almeida, Luis David"]
[Result "1-0"]
[WhiteElo "2319"]
[BlackElo "2229"]
[PlyCount "53"]
[EventDate "2022.11.22"]
[EventType "swiss (blitz)"]
[EventRounds "11"]
[EventCountry "USA"]
[SourceTitle "CBM 211 Extra"]
[Source "ChessBase"]
[SourceDate "2023.01.31"]
[SourceVersion "1"]
[SourceVersionDate "2023.01.31"]
[SourceQuality "1"]

1. e4 c6 2. d3 g6 3. Nd2 Bg7 4. Ngf3 d5 5. g3 e5 6. Bg2 Ne7 7. 0-0 0-0 8. Re1 Qd6 9. c3 c5 10. exd5 Nxd5 11. Nc4 Qc7 12. Nfxe5 Be6 13. Nf3 h6 14. Ne3 Nf6 15. Nc4 Nd5 16. Nh4 Qd7 17. Ne5 Qc8 18. d4 g5 19. Nhf3 b6 20. dxc5 Qxc5 21. Nd4 Bxe5 22. Rxe5 Nxc3 23. Rxc5 Nxd1 24. Rc2 Nd7 25. Bxa8 Rxa8 26. Nxe6 fxe6 27. Rd2 1-0

[Event "Titled Tuesday intern op 22nd Nov Early"]
[Site "Chess.com INT"]
[Date "2022.11.22"]
[Round "1"]
[White "Gabdrakhmanov, Azat"]
[Black "Matveeva, Olga"]
[Result "1-0"]
[WhiteElo "2319"]
[BlackElo "2111"]
[PlyCount "89"]
[EventDate "2022.11.22"]
[EventType "swiss (blitz)"]
[EventRounds "11"]
[EventCountry "USA"]
[SourceTitle "CBM 211 Extra"]
[Source "ChessBase"]
[SourceDate "2023.01.31"]
[SourceVersion "1"]
[SourceVersionDate "2023.01.31"]
[SourceQuality "1"]

1. e4 e6 2. d3 d5 3. Nd2 Nf6 4. g3 Nc6 5. Bg2 e5 6. Ngf3 dxe4 7. dxe4 Bc5 8. 0-0 0-0 9. c3 a5 10. Qe2 Qe7 11. Nc4 b6 12. a4 Ba6 13. b3 Rad8 14. Nh4 Qe6 15. Nf5 Bxc4 16. bxc4 Ne7 17. Ne3 c6 18. Rb1 Nd7 19. h4 g6 20. Ng4 Kh8 21. Bh6 Rfe8 22. Kh2 Ng8 23. Bg5 f6 24. Bc1 h5 25. Ne3 Kg7 26. Bh3 Qe7 27. Ng2 Nh6 28. Ne1 Nf7 29. Nd3 Nf8 30. Nxc5 Qxc5 31. Be3 Qa3 32. Bxb6 Rb8 33. Bxa5 Qxa4 34. Bb4 Ne6 35. Ra1 Nd4 36. Qe1 Nf3+ 37. Kh1 Nxe1 38. Rxa4 Nc2 39. Rc1 Nxb4 40. cxb4 Red8 41. Bf1 Rd2 42. Kg1 Nd6 43. b5 cxb5 44. cxb5 Nxe4 45. Rxe4 1-0